000 00284nam a22001337a 4500
008 170202b xxu||||| |||| 00| 0 eng d
020 _a9780781716499
041 _aeng
080 _a61
100 _a3
101 _aSHM
245 _aPOCKET MEDICINE
_cSABATINE, M.S
942 _2udc
_cBK
999 _c4365
_d4365